| 000 | 00622nam a2200205 i 4500 | ||
|---|---|---|---|
| 001 | 47481 | ||
| 003 | ES-MaACL | ||
| 005 | 20230906161554.0 | ||
| 007 | t| | ||
| 008 | 030428s1997 sp ||||0| spa j | ||
| 020 | _a84-8004-231-1 | ||
| 040 |
_aM-BN _bspa _cM-BN |
||
| 080 | _a621.395 | ||
| 100 | 1 |
_aHernando Rábanos, José María. _963113 |
|
| 245 | 1 | 0 |
_aComunicaciones móviles / _cJosé María Hernando Rábanos. |
| 260 |
_aMadrid : _bCentro de Estudios Ramón Areces, _c[1997] |
||
| 300 |
_aXX, 690 p : _bil ; _c24 cm. |
||
| 650 | 1 | 4 |
_aTelecomunicaciones móviles. _917429 |
| 852 |
_aES-MaACL _jL-26283 _bR.132537 |
||
| 999 |
_c47481 _d47481 |
||